000 01337nam0a22002771 4500
001 rc\4104752
005 20260407114330.0
021 _aRU
_b[49-16036]
035 _a(NLR Aleph) 008141348
090 _a9486357
_c9486357
100 _a20130415d1949 |||y0rusy50 ca
101 0 _arus
102 _aRU
105 _aa z |||||
200 1 _aРуководство для обследования работы шахтных вентиляторных установок
_fМ-во угольной пром-сти СССР. Техн. упр.
210 _aМосква
_cИзд-во и 2-я тип. Углетехиздата
_d1949
215 _a72 с.
_cчерт.
_d22
300 _aНа обороте тит. л. сост.: проф. В.Б. Комаров
606 _aРудничные вентиляционные установки
_xКонтроль
_2psbo
700 1 _4220
_7ca
_8rus
_aКомаров
_bВ. Б.
_cд-р техн. наук, геология
_f1890-1971
_gВладимир Борисович
_9261575
_3RU\NLR\AUTH\770261631
712 0 1 _aСССР
_bМинистерство угольной промышленности
_bТехническое управление
_3RU\NLR\AUTH\8810066340
_9634301
801 0 _aRU
_bNLR
_gpsbo
801 1 _aRU
_bELAR
_2rusmarc
852 _aNLR
_jТ26 Г-6/378
942 _cBOOK
980 _aNB